00449 2200169 4500001002100000005001500021035002000036245005000056100002600106250001700132300003300149260003300182082001100215084001700226020002200243650001400265INLIS00000000000052620240816082951 a0010-08240000441 aMenanam Buah Organik /cSinggih Sastradiharja0 aSinggih Sastradiharja acetakan ke-1 aiv, 100 hlm :bilus ;c21 cm aJakarta :bAzka Press,c2007 a631.58 a631.58 SIN m a978-979-121-156-7 4aPertanian